00510nam a2200157 a 4500008004100000020002200041245008300063260004700146300002500193500002000218650004900238650003800287003000100325005001700326040000900343  a0850923484 (pbk.)00aInternational economic issues :bcontributions by the Commonwealth, 1975-1990. aLondon :bCommonwealth Secretariat,c1990. axi, 270 p. ;c22 cm. aIncludes index. 0aCommonwealth countriesxEconomic conditions. 0aInternational economic relations.20230123133353.0 cNUST